000
00448nam a2200181Ia 4500
008
100917s9999 xx 000 0 und d
082
_b
59376
100
_a
साटम दत्ता
245
_a
इभ्रत
260
_b
विजय प्रकाशन
_c
1957
300
_a
71
365
_b
1.5
520
_a
नाटक
630
_a
इभ्रत
650
_a
नाटक
730
_a
इभ्रत
942
_c
BOOK
999
_c
664770
_d
664767